000
00268nam a2200109Ia 4500
008
191201s2015 xx 000 0 und d
100
_a
JAIN, T R
245
0
_a
Business Statistics Sem-1
250
_a
Rep.
260
_c
2015
_b
V k publication
_a
NEW DELHI
942
_2
ddc
_c
BK
999
_c
7932
_d
7932